[Event "FB23 2122 TSV Forstenried - SK 1980 Ger"]
[Site "?"]
[Date "2021.11.28"]
[Round "2.5"]
[White "Mueller, Manon"]
[Black "Pils, Martina"]
[Result "1-0"]
[WhiteElo "1792"]
[BlackElo "1585"]
[PlyCount "81"]
[EventDate "2021.??.??"]

1. d4 e6 2. c4 Nf6 3. Nf3 d5 4. Bg5 Be7 5. e3 h6 6. Bxf6 Bxf6 7. Nc3 O-O 8.
cxd5 exd5 9. Qc2 Be6 10. Be2 Nd7 11. O-O Be7 12. Rab1 Nf6 13. b4 Qd7 14. Bd3 a6
15. a4 Bd6 16. Rfc1 Bg4 17. Ne1 b6 18. Qb3 Rfe8 19. Nc2 Bf5 20. Be2 h5 21. b5
h4 22. bxa6 h3 23. g3 Ne4 24. Nxe4 Bxe4 25. Rb2 Qf5 26. Ne1 Re6 27. f3 Rf6 28.
g4 Qh7 29. fxe4 Bxh2+ 30. Kxh2 Rf2+ 31. Kh1 h2 32. Qxd5 Rf8 33. Nd3 Rf6 34. Rf1
Rd6 35. Qf5 Qh3 36. Rf3 Qh4 37. g5 Rg6 38. Rh3 Qxg5 39. Qxg5 Rxg5 40. Kxh2 Ra5
41. Bd1 1-0

[Event "FB23 2122 SK Freiburg-Zähringen - SV S"]
[Site "?"]
[Date "2021.11.28"]
[Round "2.1"]
[White "Timofeeva, Galina"]
[Black "Hund, Barbara"]
[Result "0-1"]
[WhiteElo "1993"]
[BlackElo "2088"]
[PlyCount "94"]
[EventDate "2021.??.??"]

1. e4 e5 2. Nf3 Nc6 3. Nc3 Nf6 4. g3 Be7 5. Bg2 d6 6. h3 h6 7. O-O Be6 8. d4
exd4 9. Nxd4 Nxd4 10. Qxd4 O-O 11. Be3 Re8 12. Rad1 Qc8 13. Kh2 Nd7 14. Nd5
Bxd5 15. Qxd5 Bf6 16. Qb3 Nb6 17. Bd4 Bxd4 18. Rxd4 Nd7 19. Qc3 a5 20. Rd5 Nf6
21. Rxa5 Rxa5 22. Qxa5 Nxe4 23. Re1 Nf6 24. Rxe8+ Nxe8 25. Qe1 Nf6 26. Qe7 d5
27. Qe5 c6 28. b3 Qd8 29. Qd4 Qe7 30. Bf3 Qa3 31. Be2 Qxa2 32. Bd3 Qa8 33. Bf5
Qd8 34. Qa7 g6 35. Bd3 Qd7 36. Qb8+ Kg7 37. Qe5 Qe6 38. Qd4 Qe7 39. Kg2 c5 40.
Qf4 b6 41. Qb8 c4 42. bxc4 dxc4 43. Bf1 Qc5 44. Qf4 b5 45. c3 Qf5 46. Qc1 Qe5
47. Kg1 Nd5 0-1

[Event "FB23 2122 SK Freiburg-Zähringen - SV S"]
[Site "?"]
[Date "2021.11.28"]
[Round "2.3"]
[White "Froehlich, Franziska"]
[Black "Ehmann, Johanna"]
[Result "1-0"]
[WhiteElo "1902"]
[BlackElo "1792"]
[PlyCount "63"]
[EventDate "2021.??.??"]

1. e4 b6 2. Nc3 Bb7 3. Nf3 e6 4. d4 Bb4 5. Bd3 Ne7 6. O-O Bxc3 7. bxc3 O-O 8.
Ba3 d6 9. Re1 Ng6 10. Bc1 e5 11. Bg5 Qe8 12. h4 f6 13. Bd2 Kh8 14. h5 Nf4 15.
Bxf4 exf4 16. Nh4 Qf7 17. Qg4 Bc8 18. Qf3 Ba6 19. e5 fxe5 20. Ng6+ Kg8 21. Nxf8
Bxd3 22. cxd3 c6 23. dxe5 dxe5 24. Rxe5 Qxf8 25. Rae1 Nd7 26. Re7 Rd8 27. Qxc6
Nf6 28. Qe6+ Kh8 29. h6 gxh6 30. Rf7 Qg8 31. Qxf6+ Qg7 32. Qxg7# 1-0

[Event "FB23 2122 SK Freiburg-Zähringen - SV S"]
[Site "?"]
[Date "2021.11.28"]
[Round "2.4"]
[White "Henninger, Claire"]
[Black "Klotz, Sonja"]
[Result "1/2-1/2"]
[WhiteElo "1482"]
[BlackElo "1943"]
[PlyCount "94"]
[EventDate "2021.??.??"]

1. e4 c5 2. Nf3 Nc6 3. d4 cxd4 4. Nxd4 Nf6 5. Nc3 d6 6. Be2 e6 7. Be3 Be7 8.
O-O O-O 9. f4 a6 10. Bf3 Qc7 11. a4 Na5 12. Qc1 Bd7 13. Bf2 Rfc8 14. Rd1 Nc4
15. Rd3 e5 16. Nde2 exf4 17. Nxf4 Be6 18. Ncd5 Bxd5 19. Nxd5 Nxd5 20. Rxd5 Bf6
21. Ra2 Rab8 22. b3 Na5 23. Qe3 Nc6 24. c4 Nb4 25. Rad2 Nxd5 26. Rxd5 Be5 27.
Qd2 b6 28. Bg4 Re8 29. Qd3 Qe7 30. Bf3 Qf6 31. h3 g6 32. g3 Qg5 33. Kg2 h5 34.
h4 Qf6 35. Be3 Qe6 36. Qd2 Rb7 37. Qb4 Reb8 38. Bf4 Qe8 39. Bxe5 dxe5 40. Qd6
Re7 41. Be2 Rbb7 42. Qf6 Kh7 43. Qg5 Re6 44. g4 f6 45. Qe3 Rg7 46. Kh3 Qf7 47.
Qf2 Rc6 1/2-1/2

[Event "FB23 2122 SK Freiburg-Zähringen - SV S"]
[Site "?"]
[Date "2021.11.28"]
[Round "2.5"]
[White "Lederer, Leia"]
[Black "Denz, Annika"]
[Result "1-0"]
[WhiteElo "1750"]
[BlackElo "1632"]
[PlyCount "60"]
[EventDate "2021.??.??"]

1. e4 e5 2. Nf3 Nc6 3. Bb5 Bb4 4. c3 Ba5 5. O-O d6 6. Bxc6+ bxc6 7. Qa4 Bb6 8.
Qxc6+ Bd7 9. Qc4 Nf6 10. Re1 O-O 11. d4 Qe8 12. a4 a5 13. Bg5 Nh5 14. Nbd2 h6
15. Be3 Kh8 16. b3 f5 17. exf5 Bxf5 18. dxe5 Be6 19. Qd3 dxe5 20. Bxb6 Nf4 21.
Qe3 cxb6 22. Qxe5 Rf6 23. Re4 Qf7 24. Qd4 Nxg2 25. Kxg2 Bh3+ 26. Kxh3 Rxf3+ 27.
Nxf3 Qxf3+ 28. Kh4 Kh7 29. Re7 Qg2 30. Qe4+ Kh8 1-0

[Event "FB23 2122 SK Freiburg-Zähringen - SV S"]
[Site "?"]
[Date "2021.11.28"]
[Round "2.6"]
[White "Farhadyar, Kiana"]
[Black "Haecker, Gabriele"]
[Result "1/2-1/2"]
[WhiteElo "1453"]
[BlackElo "1969"]
[PlyCount "63"]
[EventDate "2021.??.??"]

1. e4 Nf6 2. Nc3 d5 3. exd5 Nxd5 4. Bc4 e6 5. Qf3 c6 6. Nge2 g6 7. d3 Bg7 8.
Bd2 O-O 9. O-O Nd7 10. Bb3 b6 11. Nxd5 cxd5 12. c3 Ne5 13. Qg3 Ba6 14. Bc2 Rc8
15. Rfe1 Qd7 16. Bf4 Nc6 17. a3 e5 18. Bd2 f5 19. Qh3 Rc7 20. Bh6 Re8 21. Bxg7
Kxg7 22. Rad1 Bb7 23. f3 Qd6 24. Qg3 f4 25. Qh4 Ne7 26. d4 Nf5 27. Bxf5 gxf5
28. Nxf4 e4 29. Qg5+ Kh8 30. Qxf5 Rg7 31. Nh5 Rg6 32. Qf4 1/2-1/2

[Event "FB23 2122 Karlsruher SF 1853 - SG Augsb"]
[Site "?"]
[Date "2021.11.28"]
[Round "2.3"]
[White "Braun, Kristin"]
[Black "Scheynin, Julia"]
[Result "0-1"]
[WhiteElo "1915"]
[BlackElo "2000"]
[PlyCount "46"]
[EventDate "2021.??.??"]

1. e4 e6 2. d4 d5 3. exd5 exd5 4. Nf3 Bg4 5. c4 Nf6 6. Nc3 dxc4 7. Bxc4 Bd6 8.
Qa4+ c6 9. Bxf7+ Kxf7 10. Qb3+ Kf8 11. Qxb7 Qe7+ 12. Qxe7+ Kxe7 13. Ne5 Bd7 14.
Bg5 Rd8 15. f4 Kf8 16. O-O Na6 17. Rfe1 Be7 18. Re2 Be8 19. Rd1 Nb4 20. h3 Nbd5
21. g3 c5 22. Ne4 cxd4 23. Rxd4 Nxf4 0-1

[Event "FB23 2122 Karlsruher SF 1853 - SG Augsb"]
[Site "?"]
[Date "2021.11.28"]
[Round "2.4"]
[White "Rubina, Tatiana"]
[Black "Todorova, Kalina"]
[Result "1-0"]
[WhiteElo "1973"]
[BlackElo "1800"]
[PlyCount "65"]
[EventDate "2021.??.??"]

1. e4 c5 2. Nf3 e6 3. d4 cxd4 4. Nxd4 a6 5. Bd3 b5 6. O-O Qb6 7. Be3 Bc5 8. c3
Nc6 9. Bc2 Nf6 10. Re1 Bb7 11. Nb3 Bxe3 12. Rxe3 Ne5 13. N1d2 Nfg4 14. Re2 Ng6
15. Nf3 Nf4 16. Rd2 Nf6 17. Rd6 Qc7 18. Qd2 N6d5 19. Rxd5 exd5 20. e5 Ne6 21.
Nbd4 g6 22. Re1 O-O-O 23. Ng5 Nxg5 24. Qxg5 Rhe8 25. Re3 Qb6 26. Bd1 Qc5 27.
Qf6 Re7 28. b4 Qc4 29. Qxe7 Qxa2 30. Be2 Qd2 31. h3 h5 32. Qxf7 Qc1+ 33. Kh2
1-0

[Event "FB23 2122 Karlsruher SF 1853 - SG Augsb"]
[Site "?"]
[Date "2021.11.28"]
[Round "2.5"]
[White "Muench, Ursula"]
[Black "Basovskiy, Jana"]
[Result "1/2-1/2"]
[WhiteElo "1792"]
[BlackElo "1840"]
[PlyCount "48"]
[EventDate "2021.??.??"]

1. Nf3 Nf6 2. g3 e6 3. Bg2 d5 4. O-O Bd6 5. c4 c6 6. cxd5 cxd5 7. d3 O-O 8. Nc3
Nc6 9. e4 d4 10. Nb5 Bb8 11. Bg5 e5 12. Na3 h6 13. Bd2 Be6 14. b4 a6 15. Qc2
Bd6 16. Rfb1 a5 17. Nc4 Bxc4 18. Qxc4 Rc8 19. Qb5 Nxb4 20. Bxb4 Bxb4 21. Rc1
Qe7 22. Bh3 Rxc1+ 23. Rxc1 Re8 24. Bc8 Bc3 1/2-1/2

[Event "FB23 2122 Karlsruher SF 1853 - SG Augsb"]
[Site "?"]
[Date "2021.11.28"]
[Round "2.6"]
[White "Grining, Maria"]
[Black "Schaefer, Ann-Kathrin"]
[Result "1-0"]
[WhiteElo "1755"]
[BlackElo "1701"]
[PlyCount "73"]
[EventDate "2021.??.??"]

1. d4 Nf6 2. Nf3 g6 3. c4 Bg7 4. Nc3 d6 5. e4 O-O 6. h3 b6 7. Bd3 Bb7 8. O-O
Re8 9. Bg5 c5 10. d5 Nbd7 11. Bc2 a6 12. Ba4 Qc7 13. Re1 Reb8 14. Qd2 Rd8 15.
Bh6 Bh8 16. Qg5 Ne5 17. Nxe5 dxe5 18. Qe3 Nh5 19. Ne2 Bg7 20. g4 Bxh6 21. Qxh6
Nf4 22. Nxf4 exf4 23. Bc2 Qe5 24. b3 Rd6 25. g5 Rad8 26. Rac1 Bc8 27. Kg2 R6d7
28. Kf3 Qc3+ 29. Kxf4 e5+ 30. dxe6 fxe6 31. Kg4 Rf7 32. f4 Qd2 33. Rf1 e5+ 34.
f5 gxf5+ 35. Kh4 f4 36. Rcd1 Qxd1 37. Rxd1 1-0

[Event "FB23 2122 SV 1920 Hofheim - SK 1980 Ger"]
[Site "?"]
[Date "2022.02.20"]
[Round "3.1"]
[White "Lukas, Anne"]
[Black "Kushka, Alena"]
[Result "1/2-1/2"]
[WhiteElo "2030"]
[BlackElo "2124"]
[PlyCount "29"]
[EventDate "2022.??.??"]

1. Nf3 c5 2. g3 Nc6 3. c4 Nf6 4. Nc3 g6 5. Bg2 Bg7 6. O-O O-O 7. a3 d5 8. cxd5
Nxd5 9. Nxd5 Qxd5 10. d3 Qh5 11. Rb1 Bh3 12. b4 Bxg2 13. Kxg2 cxb4 14. axb4
Rfd8 15. Qb3 1/2-1/2

[Event "FB23 2122 SV 1920 Hofheim - SK 1980 Ger"]
[Site "?"]
[Date "2022.02.20"]
[Round "3.2"]
[White "Roessler, Ulrike"]
[Black "Ries, Jutta"]
[Result "1/2-1/2"]
[WhiteElo "2109"]
[BlackElo "1998"]
[PlyCount "115"]
[EventDate "2022.??.??"]

1. e4 Nf6 2. e5 Nd5 3. d4 d6 4. c4 Nb6 5. exd6 exd6 6. Nc3 Bf5 7. Be3 Be7 8. c5
dxc5 9. dxc5 Qxd1+ 10. Rxd1 N6d7 11. Nd5 Bd8 12. Nf3 c6 13. Nc3 O-O 14. Be2 Ba5
15. O-O Bb4 16. Nd4 Bg6 17. Nb3 Bc2 18. Rd4 Bxc3 19. bxc3 Bxb3 20. axb3 Nxc5
21. Rfd1 Nba6 22. b4 Ne6 23. Rd7 Nac7 24. g3 Rfd8 25. Bc4 b6 26. R1d6 Rxd7 27.
Rxd7 Kf8 28. Bf4 Nb5 29. Bxe6 fxe6 30. Be5 a5 31. c4 Na3 32. c5 bxc5 33. bxc5
Nb5 34. Rxg7 Ra7 35. Rxa7 Nxa7 36. Kf1 Kf7 37. g4 Kg6 38. f4 Nc8 39. Ke2 Ne7
40. Kd3 Nd5 41. Ke4 h5 42. g5 a4 43. Bb2 Nb4 44. h4 Kf7 45. Ba3 Nc2 46. Bc1 a3
47. Ke5 a2 48. Bb2 Ne3 49. g6+ Kxg6 50. Kxe6 Nf5 51. Kd7 Kf7 52. Kxc6 Nxh4 53.
Kd5 Ng6 54. Ke4 Ne7 55. f5 Nc6 56. Kf4 Nb4 57. Kg5 Nd3 58. Ba1 1/2-1/2

[Event "FB23 2122 SV 1920 Hofheim - SK 1980 Ger"]
[Site "?"]
[Date "2022.02.20"]
[Round "3.3"]
[White "Blaschke, Franziska"]
[Black "Barpiyeva, Gulsana"]
[Result "0-1"]
[WhiteElo "1842"]
[BlackElo "2009"]
[PlyCount "112"]
[EventDate "2022.??.??"]

1. e4 c5 2. Nf3 e6 3. d4 cxd4 4. Nxd4 a6 5. c4 Qc7 6. Nc3 Nf6 7. a3 Be7 8. Be2
d6 9. O-O O-O 10. Be3 Nbd7 11. Rc1 b6 12. f3 Bb7 13. Na4 Nc5 14. b4 Nxa4 15.
Qxa4 Nd7 16. Qb3 Rac8 17. Rfd1 Qb8 18. Nc2 Rfd8 19. Bf2 Qa8 20. Ne3 Nf6 21. Rc2
h6 22. Rcd2 Ne8 23. Nf1 Bg5 24. Rc2 Rc6 25. a4 d5 26. exd5 exd5 27. cxd5 Rxc2
28. Qxc2 Bxd5 29. Bxb6 Rc8 30. Qf5 Bb3 31. Rd7 Be6 32. Qd3 Bxd7 33. Qxd7 Nf6
34. Qd3 Nd5 35. Ba5 Qa7+ 36. Kh1 Nf4 37. Qxa6 Qb8 38. g3 Nxe2 39. Qxe2 Rc1 40.
Kg1 Qc8 41. Bb6 Qc6 42. a5 Rc2 43. Qd3 Rc3 44. Qe4 Qb5 45. Qa8+ Kh7 46. Qe4+ f5
47. Qd4 Rxf3 48. Qd1 Rd3 49. Qc2 Rf3 50. Qd1 Rc3 51. Bc5 Qc6 52. Qe2 Qd5 53. a6
Ra3 54. a7 Ra2 55. Nd2 Rxd2 56. Qxd2 Bxd2 0-1

[Event "FB23 2122 SV 1920 Hofheim - SK 1980 Ger"]
[Site "?"]
[Date "2022.02.20"]
[Round "3.4"]
[White "Rieseler, Caroline"]
[Black "Mueller, Manon"]
[Result "1-0"]
[WhiteElo "2108"]
[BlackElo "1790"]
[PlyCount "103"]
[EventDate "2022.??.??"]

1. e4 c5 2. Nf3 g6 3. d4 cxd4 4. Nxd4 Bg7 5. Nc3 Nc6 6. Nb3 Nf6 7. Be2 O-O 8.
O-O d6 9. Re1 Bd7 10. Bf1 a6 11. a4 Rc8 12. Nd5 Be6 13. c3 Re8 14. a5 Ne5 15.
Ra4 Bxd5 16. exd5 Ned7 17. c4 Nc5 18. Ra3 Nfd7 19. Nd4 Nf8 20. b4 Ncd7 21. Bg5
h6 22. Bh4 g5 23. Bg3 Ng6 24. Nf5 Nde5 25. Nxg7 Kxg7 26. Qd4 Rh8 27. Rae3 f5
28. Bxe5+ dxe5 29. Rxe5 Nxe5 30. Qxe5+ Kg6 31. Qe6+ Kg7 32. Qxf5 Rf8 33. Qe5+
Rf6 34. c5 Rc7 35. Bc4 Qd7 36. f3 Kf8 37. Qe4 Rf4 38. Qd3 Qf5 39. Qxf5+ Rxf5
40. Re4 Rf6 41. Kf2 Kg7 42. Ke3 Kg6 43. Kd4 Kg7 44. Bd3 Rd7 45. Ke5 Rd8 46. Rg4
Kf7 47. Bf5 Rf8 48. Be6+ Kg6 49. c6 bxc6 50. dxc6 Ra8 51. c7 Rff8 52. Rc4 1-0

[Event "FB23 2122 SV 1920 Hofheim - SK 1980 Ger"]
[Site "?"]
[Date "2022.02.20"]
[Round "3.5"]
[White "Tampe, Friederike"]
[Black "Froehlich-Dill, Astrid"]
[Result "1-0"]
[WhiteElo "1578"]
[BlackElo "1823"]
[PlyCount "87"]
[EventDate "2022.??.??"]

1. e4 e6 2. d4 b6 3. Nf3 Bb7 4. Bd3 c5 5. O-O cxd4 6. Nxd4 Nc6 7. Nxc6 Bxc6 8.
Bf4 Qf6 9. Qc1 e5 10. Be3 Qg6 11. f3 Nf6 12. c4 Bc5 13. Nc3 O-O 14. a3 Nh5 15.
Bc2 Nf4 16. g3 Ne6 17. b4 Bd4 18. Qd2 Bxe3+ 19. Qxe3 Nd4 20. Bd1 f5 21. Nd5
Bxd5 22. exd5 d6 23. f4 Rae8 24. Ba4 exf4 25. Qxd4 Re4 26. Qd3 fxg3 27. hxg3
Qg5 28. Rf3 h5 29. Raf1 Rg4 30. Bd7 g6 31. Be6+ Kh7 32. Kg2 Kg7 33. Qc3+ Kh7
34. c5 b5 35. cxd6 Rc4 36. Qd3 Kg7 37. Rf4 Rxf4 38. Rxf4 a6 39. Qd4+ Kh7 40.
Qa7+ Kh8 41. Qe7 Qh6 42. d7 Qg7 43. d8=Q Rxd8 44. Qxd8+ 1-0

[Event "FB23 2122 SV 1920 Hofheim - SK 1980 Ger"]
[Site "?"]
[Date "2022.02.20"]
[Round "3.6"]
[White "Storkebaum, Ulrike"]
[Black "Wilke, Tabea"]
[Result "1-0"]
[WhiteElo "1762"]
[BlackElo "1768"]
[PlyCount "105"]
[EventDate "2022.??.??"]

1. e4 e5 2. Nf3 Nc6 3. d4 exd4 4. Nxd4 Bc5 5. Be3 Qf6 6. c3 Nge7 7. Be2 b6 8.
O-O Bb7 9. Nb5 O-O-O 10. Bxc5 bxc5 11. Nd2 Kb8 12. Qa4 Nc8 13. Rad1 Nb6 14. Qc2
Qg6 15. Na3 h5 16. f4 d5 17. e5 Qxc2 18. Nxc2 Rde8 19. Bf3 f6 20. exf6 gxf6 21.
Rfe1 h4 22. b3 Nd8 23. Rxe8 Rxe8 24. Kf2 Nf7 25. Bh5 Re7 26. Bxf7 Rxf7 27. Nf3
Re7 28. Nxh4 Ba6 29. Re1 Rxe1 30. Kxe1 Bd3 31. Kd2 Bxc2 32. Kxc2 d4 33. Ng6 Nd5
34. cxd4 cxd4 35. g3 Nb4+ 36. Kd2 Nxa2 37. Nf8 Kc8 38. Ne6 Nc3 39. Nxd4 Ne4+
40. Ke3 Nd6 41. Nc6 Kd7 42. Nb4 Ke6 43. g4 c5 44. f5+ Ke5 45. Nd3+ Kd5 46. Nf4+
Ke5 47. Ng6+ Kd5 48. Ne7+ Ke5 49. Nc6+ Kd5 50. Na5 c4 51. bxc4+ Nxc4+ 52. Nxc4
Kxc4 53. g5 1-0

[Event "FB23 2122 TSV Forstenried - FC Bayern M"]
[Site "?"]
[Date "2022.02.20"]
[Round "3.1"]
[White "Khrapko, Marharyta"]
[Black "Imnadze, Nato"]
[Result "0-1"]
[WhiteElo "2102"]
[BlackElo "2232"]
[PlyCount "154"]
[EventDate "2022.??.??"]

1. e4 e5 2. Nf3 Nc6 3. Bb5 a6 4. Ba4 Nge7 5. c3 g6 6. h4 Bg7 7. h5 d5 8. h6 Bf6
9. d3 dxe4 10. dxe4 Qxd1+ 11. Bxd1 Bg4 12. Be3 Nc8 13. Nbd2 Nd6 14. Bc2 O-O-O
15. Ng5 Be7 16. f3 Bd7 17. Bb3 Rdf8 18. a4 Nd8 19. O-O-O f6 20. Nh3 Be6 21. Bd5
Bxd5 22. exd5 Nf5 23. Nf1 Nf7 24. Nf2 Nxe3 25. Nxe3 Bc5 26. Rd3 Rd8 27. Nfd1
Bf8 28. Kc2 Bxh6 29. c4 Bf8 30. Nc3 a5 31. g4 Be7 32. Ne4 Nd6 33. Ng3 b6 34. b3
Rdf8 35. Ne4 Nb7 36. d6 cxd6 37. Nd5 Bd8 38. Ndc3 Bc7 39. Nb5 h5 40. gxh5 Rxh5
41. Rg1 Rh2+ 42. Kc3 g5 43. Nexd6+ Nxd6 44. Nxd6+ Bxd6 45. Rxd6 Rf2 46. c5 bxc5
47. Rgd1 Rxf3+ 48. Kc4 Rf7 49. Kxc5 Rxb3 50. Kd5 Rbb7 51. Ke6 Rbe7+ 52. Kf5 Rd7
53. Rc1+ Rc7 54. Rb1 g4 55. Kxg4 f5+ 56. Kg5 Rc4 57. Kg6 Rf8 58. Kg7 Rd8 59.
Rdb6 f4 60. Kf6 f3 61. Rb8+ Kd7 62. R8b5 e4 63. Rxa5 Rc6+ 64. Kf7 Rdc8 65. Rd5+
Rd6 66. Re5 Rc4 67. a5 f2 68. Re7+ Kc8 69. Rf1 Rd2 70. a6 Rc7 71. Rb1 Rxe7+ 72.
Kxe7 Ra2 73. a7 Rxa7+ 74. Ke8 e3 75. Rb3 e2 76. Rb8+ Kxb8 77. Kd8 f1=Q 0-1

[Event "FB23 2122 TSV Forstenried - FC Bayern M"]
[Site "?"]
[Date "2022.02.20"]
[Round "3.2"]
[White "Gamisch, Laura"]
[Black "Butenandt, Svenja"]
[Result "0-1"]
[WhiteElo "1848"]
[BlackElo "2083"]
[PlyCount "54"]
[EventDate "2022.??.??"]

1. d4 Nf6 2. c4 e6 3. Nc3 Bb4 4. Bd2 O-O 5. a3 Bxc3 6. Bxc3 d5 7. e3 Nbd7 8.
Qb3 a5 9. Nf3 b6 10. Be2 Ba6 11. O-O Ne4 12. Rfe1 dxc4 13. Bxc4 b5 14. Bd3 Ndc5
15. Qc2 Nxd3 16. Qxd3 Qd5 17. Bxa5 b4 18. Qc2 b3 19. Qxc7 Rfc8 20. Qe5 Rc2 21.
Qxd5 exd5 22. Rec1 Rac8 23. Rxc2 Rxc2 24. Be1 Rxb2 25. a4 Ra2 26. Rb1 b2 27. a5
Bd3 0-1

[Event "FB23 2122 TSV Forstenried - FC Bayern M"]
[Site "?"]
[Date "2022.02.20"]
[Round "3.3"]
[White "Giss, Helene"]
[Black "Pils, Martina"]
[Result "1-0"]
[WhiteElo "2031"]
[BlackElo "1569"]
[PlyCount "81"]
[EventDate "2022.??.??"]

1. e4 e6 2. d4 d5 3. Nd2 c5 4. exd5 exd5 5. Ndf3 Nf6 6. c3 Nc6 7. h3 Be7 8. Be3
c4 9. Ne2 Bf5 10. Ng3 Bg6 11. Be2 O-O 12. O-O Qc7 13. Nh4 Rfe8 14. Nhf5 Bf8 15.
Re1 h6 16. Bg4 Ne7 17. Qf3 Nxf5 18. Bxf5 Bxf5 19. Nxf5 Re6 20. Bf4 Qd7 21. Be5
Rae8 22. Re3 g6 23. Ng3 Bg7 24. Rae1 Qc6 25. h4 b5 26. h5 Rf8 27. Qe2 Rfe8 28.
hxg6 fxg6 29. f4 Nd7 30. Qg4 Nxe5 31. fxe5 Rf8 32. Ne2 Kh7 33. Nf4 Re7 34. Rf3
Ree8 35. Ref1 g5 36. Nh5 a5 37. Nf6+ Bxf6 38. Rxf6 Rxf6 39. Rxf6 Qc8 40. Qh5
Rg8 41. Qxh6# 1-0

[Event "FB23 2122 Karlsruher SF 1853 - SK Freib"]
[Site "?"]
[Date "2022.03.26"]
[Round "3.4"]
[White "Rubina, Tatiana"]
[Black "Hund, Sarah"]
[Result "1-0"]
[WhiteElo "1978"]
[BlackElo "2049"]
[PlyCount "169"]
[EventDate "2022.??.??"]

1. e4 e5 2. Nf3 Nc6 3. Bc4 Nf6 4. Ng5 d5 5. exd5 Na5 6. Bb5+ c6 7. dxc6 bxc6 8.
Qf3 Be7 9. Bxc6+ Nxc6 10. Qxc6+ Bd7 11. Qf3 O-O 12. d3 Rc8 13. Nc3 Ng4 14. Nh3
Rc6 15. Bd2 Rg6 16. Qe2 Bc6 17. f3 Bh4+ 18. g3 Nxh2 19. Rxh2 Bxg3+ 20. Rf2
Bxf2+ 21. Qxf2 Bxf3 22. Qxf3 Qh4+ 23. Qf2 Qxh3 24. O-O-O Ra6 25. Re1 Ra5 26. a3
Rb8 27. d4 f6 28. Rg1 Ra6 29. Ne4 Qe6 30. Bh6 g6 31. Nc5 Qa2 32. Nxa6 Rxb2 33.
Kd1 Rb1+ 34. Bc1 Qxa3 35. Qd2 Qxa6 36. dxe5 fxe5 37. Qd5+ Kf8 38. Re1 Qf6 39.
Qa8+ Kg7 40. Qxa7+ Kh8 41. Qe3 Qd6+ 42. Qd3 Qb6 43. Ke2 Rb4 44. Be3 Qc7 45. Rd1
Rb8 46. c4 Qe7 47. c5 Qh4 48. Qd5 Qh5+ 49. Qf3 Qh4 50. Rd2 h5 51. Rd6 Rb2+ 52.
Kf1 Rb1+ 53. Rd1 Qc4+ 54. Kg1 Rxd1+ 55. Qxd1 Qc3 56. Qd2 Qa1+ 57. Qc1 Qa4 58.
c6 Qg4+ 59. Kf2 Qh4+ 60. Ke2 Qg4+ 61. Kd3 Qf5+ 62. Kc4 Qf7+ 63. Kc5 h4 64. Qh1
Qa7+ 65. Kd6 Qxe3 66. Qxh4+ Kg7 67. Qe7+ Kh6 68. Qxe5 Qd2+ 69. Ke6 Qa2+ 70. Ke7
Qa3+ 71. Kd7 Qd3+ 72. Ke8 Qb3 73. Qf4+ Kh5 74. Qe5+ Kh6 75. c7 Qa4+ 76. Kd8
Qd1+ 77. Ke7 Qc2 78. Qh8+ Kg5 79. c8=Q Qe4+ 80. Kd6 Qd3+ 81. Kc5 Qc2+ 82. Kb4
Qb1+ 83. Ka3 Qd3+ 84. Qhc3 Qd6+ 85. Q8c5+ 1-0

[Event "FB23 2122 Karlsruher SF 1853 - SK Freib"]
[Site "?"]
[Date "2022.03.26"]
[Round "3.5"]
[White "Thode, Gilda"]
[Black "Landenberger, Anja Kathrin"]
[Result "1-0"]
[WhiteElo "1946"]
[BlackElo "1751"]
[PlyCount "45"]
[EventDate "2022.??.??"]

1. d4 Nf6 2. Nf3 d5 3. Bg5 Ne4 4. Bh4 Nd7 5. e3 c6 6. c3 Qc7 7. Nbd2 Nxd2 8.
Qxd2 e5 9. Bg3 Bd6 10. dxe5 Nxe5 11. Qd4 Nxf3+ 12. gxf3 Bxg3 13. hxg3 f6 14.
Bd3 h6 15. Bg6+ Ke7 16. O-O-O Be6 17. e4 Rhd8 18. Rhe1 Qa5 19. exd5 Rxd5 20.
Qg4 Rxd1+ 21. Kxd1 Rd8+ 22. Kc1 Qxa2 23. Qb4+ {Zeit} 1-0

[Event "FB23 2122 Karlsruher SF 1853 - SK Freib"]
[Site "?"]
[Date "2022.03.26"]
[Round "3.6"]
[White "Fischer, Darja"]
[Black "Ehmann, Johanna"]
[Result "0-1"]
[WhiteElo "1690"]
[BlackElo "1778"]
[PlyCount "88"]
[EventDate "2022.??.??"]

1. d4 c6 2. c4 d6 3. Nc3 Nf6 4. Nf3 g6 5. e4 Bg4 6. Be2 Bg7 7. O-O O-O 8. b3
Nbd7 9. Bb2 e5 10. dxe5 dxe5 11. Qc2 Nh5 12. Rad1 Qe7 13. g3 Rad8 14. Nh4 Bh3
15. Rfe1 Nf4 16. Bf1 Bxf1 17. Kxf1 Ne6 18. Nf3 Qf6 19. Qe2 Rfe8 20. b4 Ng5 21.
Nxg5 Qxg5 22. b5 Bf8 23. a3 Nc5 24. Rxd8 Rxd8 25. Rd1 Nb3 26. Nb1 Nd4 27. Bxd4
Rxd4 28. Rxd4 exd4 29. f4 Qc5 30. Qd3 cxb5 31. cxb5 Qc1+ 32. Kg2 Qb2+ 33. Kg1
a6 34. bxa6 bxa6 35. e5 a5 36. f5 Bh6 37. Kh1 Qb7+ 38. Kg1 Be3+ 39. Kf1 Qh1+
40. Ke2 Qxh2+ 41. Kd1 Qxg3 42. Qb5 Qf3+ 43. Ke1 Bf2+ 44. Kd2 Qxf5 0-1

[Event "FB23 2122 FC Bayern München - SK Freib"]
[Site "?"]
[Date "2022.03.19"]
[Round "4.1"]
[White "Paddock, Silvia"]
[Black "Mayrhuber, Nikola"]
[Result "1-0"]
[WhiteElo "2180"]
[BlackElo "2119"]
[PlyCount "169"]
[EventDate "2022.??.??"]

1. c4 e6 2. Nf3 Nf6 3. g3 d5 4. Bg2 d4 5. d3 c5 6. b4 cxb4 7. a3 Nc6 8. Qa4 Bd7
9. O-O e5 10. axb4 Nxb4 11. Qb3 Qc7 12. Ba3 Nc6 13. Nbd2 Be7 14. Rfb1 Rb8 15.
Bxe7 Nxe7 16. Rxa7 Bc6 17. Ng5 h6 18. Nge4 Nd7 19. Qb4 Nc8 20. Bh3 Bxe4 21.
Nxe4 Nxa7 22. Nd6+ Kf8 23. Nb5+ Qc5 24. Nxa7 Qxb4 25. Rxb4 Ke7 26. Bg2 Nc5 27.
Rb5 Kd6 28. Bd5 f6 29. Ra5 Ra8 30. e3 dxe3 31. fxe3 Rhb8 32. d4 exd4 33. exd4
Nb3 34. Nb5+ Kd7 35. Rxa8 Rxa8 36. Bxb7 Ra4 37. Bd5 Nd2 38. c5 Ra6 39. Bb7 Ra1+
40. Kg2 Rc1 41. Kf2 Nb3 42. Ke3 Nxc5 43. dxc5 Rxc5 44. Nd4 f5 45. Ba6 Ke7 46.
Bd3 Kf6 47. h3 Re5+ 48. Kd2 g5 49. g4 f4 50. Nf5 h5 51. Nd6 h4 52. Ne4+ Ke6 53.
Bc4+ Ke7 54. Kd3 Ra5 55. Kd4 Kd7 56. Bd5 f3 57. Nc5+ Ke7 58. Bxf3 Ra3 59. Nd3
Kd6 60. Ke4 Ra4+ 61. Ke3 Ra2 62. Be2 Ra3 63. Bd1 Ke6 64. Kd4 Ra1 65. Nf2 Rb1
66. Bc2 Rb4+ 67. Ke3 Rb2 68. Bf5+ Kf7 69. Ne4 Rh2 70. Nxg5+ Kg8 71. Kf4 Rh1 72.
Be4 Rh2 73. Nf3 Rxh3 74. Kg5 Rh1 75. Nxh4 Re1 76. Bg6 Rg1 77. Nf5 Kf8 78. Bh5
Ra1 79. Kh6 Ra5 80. Nh4 Ra4 81. Ng6+ Kg8 82. g5 Ra7 83. Ne5 Kh8 84. Bf7 Ra6+
85. Ng6+ 1-0

[Event "FB23 2122 FC Bayern München - SK Freib"]
[Site "?"]
[Date "2022.03.19"]
[Round "4.2"]
[White "Schloffer, Jasmin-Denise"]
[Black "Hund, Barbara"]
[Result "1-0"]
[WhiteElo "2121"]
[BlackElo "2095"]
[PlyCount "78"]
[EventDate "2022.??.??"]

1. d4 d5 2. c4 c6 3. cxd5 cxd5 4. Nc3 Nc6 5. Bf4 Nf6 6. Nf3 e6 7. Rc1 Bd6 8.
Bxd6 Qxd6 9. e3 Qb4 10. Qc2 Ne4 11. Bd3 Nxc3 12. bxc3 Qe7 13. O-O h6 14. e4 O-O
15. Rfe1 dxe4 16. Bxe4 Qc7 17. Qe2 Rd8 18. Bb1 Ne7 19. Qd3 Ng6 20. Ne5 Nf8 21.
Qf3 a5 22. Re4 f6 23. Nd3 Ra6 24. Nf4 Rad6 25. Rce1 b5 26. Qg3 f5 27. R4e3 b4
28. Bxf5 bxc3 29. Rxc3 Qf7 30. Bg6 Nxg6 31. Nxg6 Rxd4 32. h3 Kh7 33. Ne5 Qf6
34. Rc7 Rd1 35. Rxd1 Rxd1+ 36. Kh2 Qg5 37. Qxg5 hxg5 38. Rxc8 Rd2 39. Nf3 Rxf2
1-0

[Event "FB23 2122 FC Bayern München - SK Freib"]
[Site "?"]
[Date "2022.03.19"]
[Round "4.3"]
[White "Hund, Sarah"]
[Black "Butenandt, Svenja"]
[Result "1/2-1/2"]
[WhiteElo "2049"]
[BlackElo "2091"]
[PlyCount "150"]
[EventDate "2022.??.??"]

1. e4 c5 2. Nc3 Nc6 3. Bb5 Nd4 4. Bc4 e6 5. Nf3 a6 6. Nxd4 cxd4 7. Ne2 b5 8.
Bb3 Bb7 9. d3 d5 10. O-O dxe4 11. dxe4 Bc5 12. Ng3 h5 13. Re1 h4 14. Nh5 g6 15.
Nf4 Nf6 16. a4 Nxe4 17. Bxe6 O-O 18. Bb3 Qf6 19. Qg4 Kh7 20. Nh3 Bb4 21. Ng5+
Nxg5 22. Bxg5 Qc6 23. Re5 Qxg2+ 24. Qxg2 Bxg2 25. Bxh4 Bc6 26. Bf6 Rae8 27. Rg5
Be7 28. Bxe7 Rxe7 29. h4 Re4 30. h5 Rh4 31. Bd5 f6 32. hxg6+ Kg7 33. Bxc6 fxg5
34. axb5 axb5 35. Bxb5 Kxg6 36. Bd3+ Kf6 37. Ra5 Rg4+ 38. Kf1 Rf4 39. b4 g4 40.
Ra6+ Ke7 41. Rg6 Rxf2+ 42. Kg1 R2f4 43. Kg2 Kf7 44. Rg5 Kf6 45. Rg6+ Ke5 46.
Rg5+ Ke6 47. b5 R8f6 48. Kg3 Rf2 49. Rg6 Rxg6 50. Bxg6 Rf1 51. Bd3 Rg1+ 52. Kf2
Rd1 53. Kg3 Rd2 54. Kxg4 Rf2 55. Kg3 Rf8 56. Be4 Ke5 57. Bf3 Rc8 58. Bc6 Rf8
59. b6 Kd6 60. Be4 Ke5 61. Bf3 Kd6 62. b7 Kc5 63. Kf2 Kc4 64. Ke2 Kc3 65. Be4
Rb8 66. Kd1 Re8 67. Bf5 Rb8 68. Bc8 d3 69. cxd3 Kxd3 70. Kc1 Kc3 71. Kd1 Kb4
72. Kd2 Kc5 73. Kc3 Kb6 74. Kd4 Rxb7 75. Bxb7 Kxb7 1/2-1/2